00974nam a2200229 a 4500001001000000003000500010005001700015008004100032010001100073011001100084040000900095100004200104245022700146260004100373500006000414502007500474650002500549650004100574650003400615650002500649856007000674000114143CHAP20220329144429.0171107s2017 mx a fsm |||||||spa d a110604 a111576 cCHAP1 aLinares Ramírez, Jazmín Miroslava10aEvaluación genética de componentes morfológicos y proteína cruda de forraje y grano en un compuesto criollo de maíz blanco en Chapingo, Texcoco, México /h[En línea]cpor Jazmín Miroslava Linares Ramírez. aChapingo, Méx. :bEl autor,c2017. aPara ver el contenido del material haga clic en la liga aTesis (Ing. Agr. Esp. en Zootecnia) -- UACH. Departamento de Zootecnia14aMaíz como forraje.14aMaízxFisiología y morfología.14aMaízxGenéticazMéxico.14aMaízxRendimiento. aFinding aiduhttp://10.13.5.2/tesis/sist114143.pdfzTeclea aquí